Coastal Cities - Sudden Death - Statistics

General Stats
  • This quiz has been taken 44 times
  • The average score is 12 of 16
Answers on the Grid
Answers color-coded by a green-red scale on the quiz's grid according to % correct below.
Baghdad
Bangkok
Barcelona
Brasilia
Cape Town
Denver
Dubai
Dublin
Helsinki
Hong Kong
Johannesburg
Kabul
La Paz
Los Angeles
Mexico City
Miami
Minsk
Moscow
Nairobi
New Orleans
Oslo
Paris
Perth
Phoenix
Rio De Janeiro
Santiago
Santorini
Vancouver
Venice
Warsaw
 
Answer Stats
Answer % Correct
Cape Town
88%
Miami
85%
Barcelona
82%
Dubai
82%
Hong Kong
82%
Los Angeles
79%
Rio De Janeiro
79%
Perth
76%
Venice
74%
Dublin
68%
Helsinki
68%
Bangkok
65%
New Orleans
65%
Vancouver
65%
Santorini
56%
Oslo
53%
No matching quizzes found
Score Distribution
Percent of People with Each Score
Percentile by Number Answered
Your Score History
You have not taken this quiz